00301nam a2200121Ia 4500008004000000041000800040082001100048100001900059245002600078260004500104650001200149650001800161210210b1949 xxu||||| |||| 00| 0 eng d aeng a824/74 aCHARLTON (H B) aShakespearean tragedy aCambridgebAt the University Pressc1949 atragedy aShakespearean